000 01041cam a2200289 i 4500
001 2707968
003 ARRUPE
005 20150310104208.0
008 770520s1977 nyu b 001 0 eng
010 _a 76042657
020 _a0195021894 :
_c$14.95
040 _aDLC
_cDLC
_dDLC
043 _ae-uk---
050 0 0 _aPR469.I33
_bL3
082 0 0 _a820/.9/353
_219
100 1 _aLangbaum, Robert Woodrow,
_d1924-
_916038
245 1 4 _aThe mysteries of identity :
_ba theme in modern literature /
_cRobert Langbaum.
260 _aNew York :
_bOxford University Press,
_c1977.
300 _ax, 383 p. ;
_c22 cm.
504 _aIncludes bibliographical references and index.
650 0 _aEnglish literature
_y19th century
_xHistory and criticism.
_94625
650 0 _aEnglish literature
_y20th century
_xHistory and criticism.
_916039
650 0 _aIdentity (Psychology) in literature.
_916040
650 0 _aEnglish literature
_xPsychological aspects.
_916041
906 _a7
_bcbc
_corignew
_du
_eocip
_f19
_gy-gencatlg
942 _2lcc
_cMONOGRAPH
999 _c122352
_d122352